| 000 | 00000nam##2200000za#4500 |
| 001 | 9.580505 |
| 003 | CaOODSP |
| 005 | 20210624191054 |
| 007 | cr ||||||||||| |
| 008 | 150406|1982||||xxc|||||o f|0| 0 eng|d |
| 040 | |aCaOODSP|beng |
| 043 | |an-cn--- |
| 086 | 1 |aFs97-14/137-1982E-PDF |
| 110 | 1 |aCanada. |bDepartment of Fisheries and Oceans. |
| 245 | 10|aExploratory Grand Banks scallop survey - 1982 / |h[electronic resource]|cby R.W. Rodger and N.D. Davis. |
| 260 | |aHalifax - Nova Scotia : |bFisheries and Oceans Canada |c1982. |
| 300 | |a144p.|bfigs., references, tables |
| 490 | 1 |aCanadian industry report of fisheries and aquatic sciences|vNo. 137 |
| 500 | |aFile reproduced from original print. On t. p. : Fisheries Development Branches, Halifax, Nova Scotia and St. John's, Newfoundland. The catalogue number and ISSN for the print edition appear in the PDF version. |
| 546 | |a(Résumé en français.) |
| 590 | |a14-15-Supp|b2014-09-04 |
| 720 | 1 |aRodger, R. W. |
| 720 | 1 |aDavis, N. D. |
| 830 | #0|aCanadian industry report of fisheries and aquatic sciences ;|vNo. 137|w(CaOODSP)9.505199 |
| 856 | 40|ahttp://publications.gc.ca|qPDF|s2720 KB|uhttps://publications.gc.ca/collections/collection_2014/mpo-dfo/Fs97-14-137-1982-eng.pdf|yNo. 137 |